[Event "IECG TG.2004.0.15133"]
[Site "IECG email"]
[Date "2004.03.15"]
[Round "2"]
[White "James, Michael"]
[Black "Marks, David W"]
[Result "1/2-1/2"]
[WhiteElo "1160"]
[BlackElo "1228"]
[PlyCount "84"]
[EventDate "2004.03.21"]
[EventType "match (corr)"]
[EventRounds "2"]
[SourceTitle "Corr 2008"]
[Source "ChessBase"]
[SourceDate "2008.06.24"]
[SourceVersion "1"]
[SourceVersionDate "2008.06.24"]
[SourceQuality "1"]

1. e4 e5 2. Nf3 Nc6 3. Bb5 a6 4. Ba4 b5 5. Bb3 Nf6 6. 0-0 Be7 7. Nc3 0-0 8. d3 d6 9. Be3 Na5 10. Qe2 Nxb3 11. axb3 Bb7 12. Bd2 c5 13. Nd1 Re8 14. Ne3 d5 15. Ba5 Qc8 16. exd5 Nxd5 17. Nxd5 Bxd5 18. Nd2 Qe6 19. Rfe1 Qg6 20. f3 Bh4 21. g3 f5 22. Qf2 f4 23. Kg2 fxg3 24. hxg3 Re6 25. Bc3 Rae8 26. Ne4 Rf8 27. b4 cxb4 28. Bxb4 Rf5 29. c3 Qf7 30. c4 Bb7 31. Re3 Rg6 32. Rh1 Rf4 33. Rh3 Bc8 34. Rh2 Bf5 35. Qe2 Bxe4 36. fxe4 Qd7 37. Bc3 Qe6 38. Rh3 Rfg4 39. Rf3 bxc4 40. dxc4 Qc6 41. Re3 Be7 42. b4 Qe6 1/2-1/2

[Event "IECG CE.2002.0.00021 email"]
[Site "IECG email"]
[Date "2002.01.16"]
[Round "?"]
[White "Marks, David W"]
[Black "Trevis, Robert R"]
[Result "0-1"]
[WhiteElo "1322"]
[BlackElo "1346"]
[PlyCount "70"]
[EventDate "2002.01.16"]
[EventType "tourn (corr)"]
[EventRounds "6"]
[SourceTitle "Corr 2008"]
[Source "ChessBase"]
[SourceDate "2008.06.24"]
[SourceVersion "1"]
[SourceVersionDate "2008.06.24"]
[SourceQuality "1"]

1. e4 d6 2. d4 Nf6 3. Nc3 g6 4. Nf3 Bg7 5. Be3 0-0 6. Be2 d5 7. e5 Ng4 8. Bg5 c5 9. dxc5 Be6 10. Qd2 Nc6 11. 0-0 Ngxe5 12. Nxe5 Bxe5 13. Rad1 d4 14. Ne4 Qd5 15. Bf3 Qd7 16. b3 Bg4 17. Bxg4 Qxg4 18. Ng3 Bxg3 19. fxg3 f6 20. Bf4 e5 21. h3 Qe6 22. Bh6 Rfd8 23. Qf2 f5 24. Bd2 Qe7 25. b4 a5 26. a3 e4 27. Qf4 e3 28. Rde1 Qe4 29. Qxe4 fxe4 30. Bxe3 dxe3 31. Rxe3 axb4 32. axb4 Nxb4 33. Rxe4 Nc6 34. Rb1 Rd7 35. Re3 Ra2 0-1

[Event "IECG CE.2001.0.00015 email"]
[Site "IECG email"]
[Date "2001.11.02"]
[Round "?"]
[White "Marks, David W"]
[Black "Dessens, John"]
[Result "0-1"]
[WhiteElo "1337"]
[BlackElo "1328"]
[PlyCount "48"]
[EventDate "2001.11.02"]
[EventType "tourn (corr)"]
[EventRounds "6"]
[SourceTitle "Corr 2008"]
[Source "ChessBase"]
[SourceDate "2008.06.24"]
[SourceVersion "1"]
[SourceVersionDate "2008.06.24"]
[SourceQuality "1"]

1. e4 e5 2. Nf3 Nc6 3. Bc4 Nf6 4. Ng5 d5 5. exd5 Na5 6. Bb5+ c6 7. dxc6 bxc6 8. Qf3 Rb8 9. Bd3 h6 10. Ne4 Nd5 11. Ng3 g6 12. 0-0 Bg7 13. Nc3 0-0 14. Rb1 Re8 15. Be4 Bb7 16. Bxd5 cxd5 17. d4 e4 18. Qe2 Bxd4 19. Nb5 Ba6 20. Qd2 Bxb5 21. Re1 Bg7 22. b3 Rc8 23. Bb2 Bxb2 24. Rxb2 Kg7 0-1